00658nam a2200205Ia 4500003000400000005001700004008004100021020001800062040001800080041000800098082002200106100002000128245010900148250001200257260004100269300003000310650005500340650004000395700001700435OSt20250304114204.0210716s2008 xx 000 0 und d a9788132119708 cAIMIT LIBRARY aeng a658.406 21bSIDM aSiddiqui, Moid. aAcrobatics of change: bconcepts techniques strategies and execution /cBy Moid Siddiqui and R H Khwaja. a2nd ed. aNew Delhi :bResponse Books ;c2008. axxix, 258p. ;bPBc21 cm. aPortfolio management matrix and strategic analysis aHard track and soft track processes aKhwaja, R H.